Anatomy and physiology (Record no. 393705)

MARC details
000 -LEADER
fixed length control field 00478 a2200193 4500
005 - DATE & TIME
control field 20260108104109.0
008 - FIXED-LENGTH DATA ELEMENTS--GENERAL INFORMATION
fixed length control field 260106b |||||||| |||| 00| 0 eng d
020 ## - ISBN
International Standard Book Number 9788175248069
Price Rs. 900.00
040 ## - CATALOGING SOURCE
Original cataloging agency VIVEKANANDA LIBRARY
082 ## - DDC NUMBER
Classification number 612
Book Number S79A
100 ## - MAIN ENTRY--PERSONAL NAME
Personal name Suriyawanshi, Shivaji
245 ## - TITLE STATEMENT
Title Anatomy and physiology
260 ## - PUBLICATION, DISTRIBUTION, ETC. (IMPRINT)
Name of publisher, distributor, etc Khel Sahitya Kendra
Date of publication, distribution, etc 2026
Place of publication, distribution, etc New Delhi
300 ## - PHYSICAL DESCRIPTION
Pages 322
650 ## - Subject
Subject Anatomy
650 ## - Subject
Subject Physiology
650 ## - Subject
Subject Human Anatomy
942 ## - ADDED ENTRY ELEMENTS (KOHA)
Koha item type Books
Holdings
Withdrawn status Lost status Source of classification or shelving scheme Damaged status Not for loan Location (home branch) Sublocation or collection (holding branch) Shelving location Date acquired Koha issues (times borrowed) Koha full call number Accession No. Koha date last seen Koha item type
    Dewey Decimal Classification     VIVEKANANDA LIBRARY VIVEKANANDA LIBRARY Vivekananda Library 12/12/2025   612 S79A 443643 12/12/2025 Books
© Designed and Maintained by Vivekananda Library, MDU Rohtak